| 000 | 00340nam a22001337a 4500 | ||
|---|---|---|---|
| 020 | _a9788129111951 | ||
| 082 | _a181.4 CHA | ||
| 100 | _aChatterjee, Satischandra | ||
| 245 | _aAn Introduction to Indian Philosophy | ||
| 260 |
_aDelhi _bRupa Publications India Pvt. Ltd _c2015 |
||
| 300 | _a404 | ||
| 650 | _aPhilosophy- India | ||
| 942 | _cBK | ||
| 999 |
_c19924 _d19924 |
||